Statistics for Scrambled State Capitals

Click here to take the quiz!

General Stats

  • This quiz has been taken 21 times
  • The average score is 42 of 50

Answer Stats

State Capital% Correct
Frankfort
94%
Juneau
94%
Montgomery
94%
Albany
89%
Atlanta
89%
Baton Rouge
89%
Bismarck
89%
Cheyenne
89%
Harrisburg
89%
Honolulu
89%
Jackson
89%
Lansing
89%
Madison
89%
Phoenix
89%
Pierre
89%
Providence
89%
Raleigh
89%
Annapolis
83%
Austin
83%
Boise
83%
Denver
83%
Hartford
83%
Helena
83%
Jefferson City
83%
Lincoln
83%
Nashville
83%
Richmond
83%
Sacramento
83%
Saint Paul
83%
Salt Lake City
83%
Tallahassee
83%
Topeka
83%
Trenton
83%
Augusta
78%
Boston
78%
Carson City
78%
Charleston
78%
Columbia
78%
Columbus
78%
Concord
78%
Des Moines
78%
Dover
78%
Little Rock
78%
Montpelier
78%
Oklahoma City
78%
Olympia
78%
Salem
78%
Santa Fe
78%
Springfield
78%
Indianapolis
72%

Score Distribution

Percentile by Number Answered

Percent of People with Each Score

Your Score History

You have not taken this quiz